[Event "East Lansing (MOR/5/26)"]
[Site "?"]
[Date "1995.??.??"]
[Round "?"]
[White "Hill, Brad"]
[Black "Kane, Paul"]
[Result "0-1"]
[WhiteElo "1605"]
[BlackElo "1605"]
[PlyCount "50"]
[EventDate "1995.??.??"]

{5/(26)} 1. d4 d5 2. c4 c6 3. Nc3 Nf6 4. Bf4 dxc4 5. e4 b5 6. e5 Nd5 7. Nxd5
cxd5 8. a4 b4 9. b3 Ba6 10. Qc1 Qc8 11. bxc4 dxc4 12. d5 e6 13. dxe6 Qxe6 14.
Nf3 c3 15. Bxa6 Qxa6 16. Qe3 Be7 17. Nd4 O-O 18. Nb5 Qb6 19. e6 Qxe3+ 20. Bxe3
Nc6 21. exf7+ Kxf7 22. O-O Rfd8 23. a5 Rd7 24. a6 Rb8 25. Nc7 b3 0-1

[Event "Detroit (MI Action/6/10)"]
[Site "?"]
[Date "1995.??.??"]
[Round "?"]
[White "Hill, Brad"]
[Black "Kane, Paul"]
[Result "1-0"]
[WhiteElo "1605"]
[BlackElo "1605"]
[PlyCount "104"]
[EventDate "1995.??.??"]

{6/(10)} 1. d4 d5 2. c4 c6 3. Nc3 Bf5 4. cxd5 cxd5 5. Bg5 Nc6 6. e3 h6 7. Bh4
Nf6 8. Bd3 Bxd3 9. Qxd3 e6 10. Nge2 Be7 11. O-O O-O 12. a3 a6 13. Rac1 Qc7 14.
Bg3 Bd6 15. Rc2 Rac8 16. Rfc1 Qb8 17. f3 Nh5 18. Bxd6 Qxd6 19. Na4 Ne7 20. Rxc8
Rxc8 21. Rxc8+ Nxc8 22. Qb3 b5 23. Nc5 e5 24. Nc1 exd4 25. exd4 Nf4 26. Qe3 Ne6
27. N1d3 Ne7 28. Nxe6 fxe6 29. Nf4 Kf7 30. g4 g5 31. Nd3 Qb6 32. Ne5+ Ke8 33.
Kf2 Nc6 34. Nxc6 Qxc6 35. Kg3 Ke7 36. h4 Qc7+ 37. f4 gxf4+ 38. Qxf4 Qxf4+ 39.
Kxf4 a5 40. g5 h5 41. Ke5 b4 42. axb4 axb4 43. b3 Kf7 44. Kd6 Kg7 45. Kxe6 Kg6
46. Ke5 Kf7 47. Kxd5 Ke7 48. Ke5 Kf7 49. d5 Ke8 50. d6 Kd7 51. g6 Ke8 52. g7
Kf7 1-0

[Event "Detroit (WCO/3/6)"]
[Site "?"]
[Date "1995.??.??"]
[Round "?"]
[White "Hill, Brad"]
[Black "Iyer, Krishnan"]
[Result "0-1"]
[WhiteElo "1605"]
[BlackElo "1605"]
[PlyCount "120"]
[EventDate "1995.??.??"]

{3/(6)} 1. d4 Nf6 2. c4 g6 3. Nf3 Bg7 4. Nc3 O-O 5. e4 d6 6. Be2 Re8 7. O-O c6
8. c5 dxc5 9. dxc5 Nbd7 10. Be3 Ng4 11. Qc1 e5 12. b4 Nxe3 13. Qxe3 Qc7 14.
Rad1 a6 15. Rd2 Nf8 16. Rfd1 Ne6 17. Bc4 h6 18. Bxe6 Bxe6 19. a4 Red8 20. Rxd8+
Rxd8 21. Rxd8+ Qxd8 22. h3 Qd7 23. Nd2 Qd4 24. Qxd4 exd4 25. Ne2 g5 26. f3 d3
27. Nc1 Bc3 28. Nxd3 Bxd2 29. Kf2 Bc4 30. Ne5 Bb3 31. b5 Bxa4 32. bxa6 bxa6 33.
Ke2 Bf4 34. Nd7 Bb5+ 35. Kd1 Kg7 36. Kc2 f6 37. Kc3 Kf7 38. Kd4 Ke7 39. Nb6 Ke6
40. Nc8 Bf1 41. Nb6 Bg3 42. Nc4 Bf2+ 43. Ne3 Bxg2 44. Kd3 Bxf3 45. Nf5 h5 46.
Ng7+ Ke5 47. Ne8 Bxe4+ 48. Kc4 Bd5+ 49. Kb4 Be1+ 50. Ka4 f5 51. Nc7 Bc4 52. Na8
Bb5+ 53. Kb3 f4 54. Nc7 f3 55. Nxb5 axb5 56. Kc2 f2 57. h4 f1=Q 58. hxg5 Qc4+
59. Kb2 Bh4 60. g6 Bf6 0-1

[Event "Detroit (MI Action/5/5)"]
[Site "?"]
[Date "1995.??.??"]
[Round "?"]
[White "Hill, Brad"]
[Black "Herron, J."]
[Result "0-1"]
[WhiteElo "1605"]
[BlackElo "1750"]
[PlyCount "110"]
[EventDate "1995.??.??"]

{5/(5)} 1. d4 Nf6 2. Bg5 g6 3. Bxf6 exf6 4. e3 Bh6 5. g3 O-O 6. Ne2 d5 7. Bg2
c6 8. Nd2 Qe7 9. c4 dxc4 10. Nxc4 Be6 11. Qc2 Qb4+ 12. Nd2 Nd7 13. a3 Qa5 14.
O-O Bg4 15. Nc3 Rfe8 16. Nc4 Qc7 17. Ne2 Nb6 18. Rac1 Rad8 19. b4 Nxc4 20. Qxc4
Qd7 21. Nc3 Be6 22. Qd3 Bg7 23. Ne2 g5 24. Rc3 Bf5 25. Qd2 Bg6 26. Rfc1 h5 27.
b5 cxb5 28. Rc7 Qd6 29. Rxb7 a6 30. Qb2 Rc8 31. Nc3 Bd3 32. Rd1 Bc4 33. Ne4 Qe6
34. Nc5 Qd6 35. Ra7 f5 36. Rxa6 Qe7 37. Rc1 Rxc5 38. dxc5 Bxb2 39. Rc2 Be5 40.
c6 Rc8 41. a4 Bb3 42. Rc1 Bxa4 43. h3 Qa3 44. Re1 Qc3 45. Rf1 Qc2 46. Rb6 Rb8
47. c7 Bxc7 48. Rc6 Qd2 49. Rxc7 b4 50. Kh2 b3 51. Rb1 b2 52. Bb7 Qxf2+ 53. Kh1
Bc2 54. Rc8+ Rxc8 55. Bxc8 Be4# 0-1

[Event "Detroit (MI Action/1/25)"]
[Site "?"]
[Date "1995.??.??"]
[Round "?"]
[White "Hill, Brad"]
[Black "Goerke, Daniel"]
[Result "1-0"]
[WhiteElo "1605"]
[BlackElo "1605"]
[PlyCount "54"]
[EventDate "1995.??.??"]

{1/(25)} 1. d4 d5 2. c4 dxc4 3. Nc3 e6 4. e3 Bb4 5. Qa4+ Nc6 6. Bxc4 Bxc3+ 7.
bxc3 a6 8. Rb1 b5 9. Bxb5 axb5 10. Qxa8 Qd7 11. Ne2 Nf6 12. Ba3 Kd8 13. Rxb5
Ng4 14. Rg5 f5 15. h3 Nf6 16. f3 Ne7 17. Rxg7 Re8 18. Kf2 Qd6 19. Bxd6 Kd7 20.
Rxe7+ Rxe7 21. Bxe7 Kxe7 22. Qxc8 Nd5 23. c4 Nb6 24. Qxc7+ Kf6 25. Qxb6 h5 26.
d5 Kg5 27. Qxe6 f4 1-0

[Event "East Lansing (MOR/1b/12)"]
[Site "?"]
[Date "1995.??.??"]
[Round "?"]
[White "Hill, Brad"]
[Black "Choyke, J."]
[Result "0-1"]
[WhiteElo "1605"]
[BlackElo "1635"]
[PlyCount "86"]
[EventDate "1995.??.??"]

1. e4 e5 2. Nf3 Nc6 3. Bb5 Nd4 4. Nxd4 exd4 5. c3 c6 6. Be2 Bc5 7. d3 d5 8. f4
h5 9. b4 Bb6 10. c4 dxe4 11. dxe4 Nf6 12. Qd3 Bg4 13. c5 Bxe2 14. Kxe2 Bc7 15.
e5 Qe7 16. Kf3 Ng4 17. Kg3 O-O-O 18. Qf5+ Kb8 19. h3 g6 20. Qd3 Nh6 21. a4 Nf5+
22. Kf3 Qe6 23. Nd2 f6 24. Re1 fxe5 25. b5 Qd5+ 26. Ne4 exf4 27. b6 axb6 28.
cxb6 Bxb6 29. a5 Bxa5 30. Qa3 Bxe1 31. Qa8+ Kc7 32. Bxf4+ Rd6 33. Qxh8 Nh4+ 34.
Ke2 Qxe4+ 35. Kd1 Qxf4 36. Kxe1 Re6+ 37. Kd1 Qf1+ 38. Kc2 Qxa1 39. Qg7+ Kb6 40.
Qxd4+ Qxd4 41. g4 Re2+ 42. Kc1 Qd2+ 43. Kb1 Re1# 0-1

[Event "Detroit (MI Team/4/1/4)"]
[Site "?"]
[Date "1995.??.??"]
[Round "?"]
[White "Hill, Brad"]
[Black "Bailey, Greg"]
[Result "0-1"]
[WhiteElo "1605"]
[BlackElo "2085"]
[PlyCount "68"]
[EventDate "1995.??.??"]

{4/1} 1. e4 c6 2. Nf3 d5 3. exd5 cxd5 4. Bb5+ Bd7 5. Bxd7+ Qxd7 6. d4 Nc6 7.
Bf4 Nf6 8. Nc3 e6 9. Nb5 Rc8 10. a3 a6 11. Nc3 Bd6 12. Bxd6 Qxd6 13. Qd3 O-O
14. O-O Ne7 15. Rfe1 Nf5 16. Ne5 Qb6 17. g4 Qxb2 18. Reb1 Qxc3 19. gxf5 exf5
20. Qxf5 Qxd4 21. Rd1 Qe4 22. Qxe4 dxe4 23. Rab1 b5 24. Rd6 Rfe8 25. Nc6 Kf8
26. Na7 Rxc2 27. Rbd1 Ng4 28. Rxa6 Nxf2 29. Rd7 e3 30. Nxb5 Nh3+ 31. Kf1 e2+
32. Ke1 Rc1+ 33. Kd2 e1=Q+ 34. Kd3 Qd1# 0-1

[Event "Lansing (Mini-Swiss.3/2)"]
[Site "?"]
[Date "1995.??.??"]
[Round "?"]
[White "Higgins, Richard"]
[Black "Evans Sr., Thomas"]
[Result "0-1"]
[WhiteElo "1605"]
[BlackElo "1605"]
[PlyCount "98"]
[EventDate "1995.??.??"]

{3/(2)} 1. e4 e5 2. Nf3 d6 3. c3 Bg4 4. Bc4 Bxf3 5. Qxf3 Nf6 6. d4 Nc6 7. Be3
Be7 8. Nd2 O-O 9. Rd1 Qd7 10. h3 Na5 11. Bd3 d5 12. O-O dxe4 13. Nxe4 Nxe4 14.
Bxe4 g6 15. dxe5 Qb5 16. b3 Qxe5 17. Rd5 Qxc3 18. Rc1 Qb2 19. Rxc7 Qa1+ 20. Kh2
Nc6 21. Qg3 Rad8 {21...Rd8 {Both Scoresheets} 22. Rxd8 Rxd8 23. Bxc6 Bd6 24.
Bf4 Bxc7 25. Bxc7 Rd1 26. Qe5 Qxe5+ 27. Bxe5 bxc6 28. a3 Rd3 29. b4 Rxa3 30.
Bd6 a5 31. b5 Rc3 32. b6 Rb3 33. Bc5 a4 34. f3 a3 35. b7 a2 36. Bd4 Rxb7 37.
Kg3 Rb1 38. Kg4 a1=Q 39. Bxa1 Rxa1 40. h4 h5+ 41. Kg5 c5 42. g4 Rg1 43. Kh6 c4
44. f4 f5 45. g5 Kf8 46. Kxg6 c3 47. Kxh5 c2 48. g6 c1=Q 49. g7+ Rxg7 0-1

[Event "Troy (TCC Res/2/5)"]
[Site "?"]
[Date "1995.??.??"]
[Round "?"]
[White "Herron, J."]
[Black "Venia, Mike"]
[Result "1-0"]
[WhiteElo "1730"]
[BlackElo "1605"]
[PlyCount "37"]
[EventDate "1995.??.??"]

{2/(5)} 1. Nf3 Nf6 2. g3 d5 3. Bg2 Bg4 4. O-O Nc6 5. h3 Bh5 6. d3 e5 7. Nbd2
Be7 8. c4 O-O 9. a3 a5 10. g4 Bg6 11. cxd5 Nxd5 12. Nc4 Bf6 13. Qb3 Nf4 14.
Bxf4 exf4 15. Qxb7 Qd7 16. Nb6 Rfb8 17. Qxb8+ Rxb8 18. Nxd7 Bxb2 19. Nxb8 1-0

[Event "Detroit (MI Action/1/9)"]
[Site "?"]
[Date "1995.??.??"]
[Round "?"]
[White "Herron, J."]
[Black "Timberlake, B."]
[Result "1-0"]
[WhiteElo "1750"]
[BlackElo "1605"]
[PlyCount "47"]
[EventDate "1995.??.??"]

{1/(9)} 1. Nf3 Nc6 2. g3 d5 3. Bg2 e5 4. d3 Bc5 5. O-O Nf6 6. Nc3 Bf5 7. Nh4
Qd7 8. e4 Be6 9. Bg5 Ng4 10. exd5 Bxf2+ 11. Rxf2 Nxf2 12. Kxf2 Bg4 13. dxc6
bxc6 14. Bf3 Qd4+ 15. Be3 Bxf3 16. Nxf3 Qd6 17. Ne4 Qe6 18. Bc5 h6 19. Kg2 f5
20. Nf2 Rd8 21. Qe2 g5 22. Qxe5 Qxe5 23. Nxe5 Rg8 24. Re1 $138 1-0

[Event "Troy (TCC Res/4/1)"]
[Site "?"]
[Date "1995.??.??"]
[Round "?"]
[White "Herron, J."]
[Black "Thornton, Rome"]
[Result "1/2-1/2"]
[WhiteElo "1730"]
[BlackElo "1605"]
[PlyCount "120"]
[EventDate "1995.??.??"]

{4/(1)} 1. Nf3 d5 2. g3 Nf6 3. Bg2 c6 4. O-O Bf5 5. d3 e6 6. Bf4 h6 7. h4 Nbd7
8. Nbd2 Nh5 9. e3 Nxf4 10. exf4 Bd6 11. Re1 O-O 12. Ne5 a5 13. Kh2 f6 14. Nef3
e5 15. fxe5 fxe5 16. c4 Bxd3 17. cxd5 cxd5 18. Qb3 Bc4 19. Nxc4 dxc4 20. Qxc4+
Kh8 21. Qd5 Qf6 22. Red1 Ra6 23. Rac1 Qe7 24. Qxb7 Rb6 25. Qd5 e4 26. Nd2 Qxh4+
27. Kg1 Qe7 28. Nxe4 Nf6 29. Nxf6 Qxf6 30. Qd4 Be5 31. Qc5 Rxb2 32. Rc2 Bd4 33.
Rxd4 Rxc2 34. Qxc2 Qxd4 35. a4 Qa1+ 36. Bf1 Qe1 37. Kg2 Re8 38. Qg6 Qe4+ 39.
Qxe4 Rxe4 40. Bb5 g5 41. Kf3 Rb4 42. g4 Kg7 43. Kg3 Kf6 44. Bc6 Ke5 45. Kf3 Kd4
46. Ke2 Kc5 47. Bd7 Rb2+ 48. Ke3 Kb4 49. f4 gxf4+ 50. Kxf4 Rd2 51. Be8 Rd8 52.
Bc6 Kc5 53. Bb5 Rd5 54. Kg3 Kb4 55. Be8 Re5 56. Bd7 Rd5 57. Be8 Kc5 58. Kh4 Re5
59. Bb5 Kd4 60. Bc6 Ke3 1/2-1/2

[Event "East Lansing (MOR/1b/5)"]
[Site "?"]
[Date "1995.??.??"]
[Round "?"]
[White "Herron, J."]
[Black "McNamara, Ron"]
[Result "0-1"]
[WhiteElo "1750"]
[BlackElo "1605"]
[PlyCount "120"]
[EventDate "1995.??.??"]

1. Nf3 Nf6 2. g3 e6 3. Bg2 d5 4. O-O c5 5. d3 Nc6 6. Nbd2 Bd6 7. e4 O-O 8. Qe2
Qc7 9. Re1 dxe4 10. dxe4 e5 11. c3 Be6 12. Nc4 Be7 13. Bg5 b5 14. Bxf6 Bxc4 15.
Bxe5 Nxe5 16. Qe3 Nxf3+ 17. Qxf3 Rad8 18. b3 Be6 19. Qe2 c4 20. b4 Rd3 21. Rac1
Rfd8 22. Red1 Rxd1+ 23. Rxd1 Rxd1+ 24. Qxd1 Qd7 25. Qxd7 Bxd7 26. f4 f6 27. Kf2
Bc6 28. Bh3 Kf7 29. Ke3 Bd8 30. Bc8 Ke7 31. g4 Bb6+ 32. Kf3 g5 33. fxg5 fxg5
34. Bf5 h6 35. h3 Kf6 36. Bc8 Bc7 37. Ke3 Be5 38. Kd2 Bxe4 39. Bd7 Bg2 40. Bxb5
Bf1 41. a4 Ke6 42. Bc6 Bf4+ 43. Ke1 Bxh3 44. Bf3 Ke5 45. Ke2 Bc1 46. b5 Bb2 47.
Kd2 Ba3 48. Be2 Kd5 49. Ke3 Bg2 50. Bd1 Ke5 51. a5 Bc5+ 52. Kd2 Ke4 53. Be2 Bf3
54. Bxc4 Bxg4 55. Bf1 h5 56. c4 h4 57. Bg2+ Kd4 58. Bd5 Bb4+ 59. Kc2 Bxa5 60.
Kb3 h3 0-1

[Event "East Lansing (MOR/3/16)"]
[Site "?"]
[Date "1995.??.??"]
[Round "?"]
[White "Herron, J."]
[Black "Mahabir, Jagdesh"]
[Result "1-0"]
[WhiteElo "1750"]
[BlackElo "1605"]
[PlyCount "69"]
[EventDate "1995.??.??"]

{3/(16)} 1. Nf3 d6 2. g3 Nf6 3. Bg2 g6 4. O-O Bg7 5. d3 O-O 6. e4 e5 7. Bg5 Be6
8. Nc3 c5 9. Nd2 Nbd7 10. Nc4 Bxc4 11. dxc4 Nb6 12. Qe2 h6 13. Be3 Qd7 14. b3
Rad8 15. Rad1 a6 16. Bxc5 Qc6 17. Bxb6 Qxb6 18. Nd5 Qa5 19. a4 Rd7 20. Nxf6+
Bxf6 21. Qd2 Qxd2 22. Rxd2 Bd8 23. Rfd1 Bc7 24. c5 Rfd8 25. Bh3 Ba5 26. Rd5 Bb4
27. Bxd7 Rxd7 28. cxd6 f6 29. R1d3 b6 30. c3 Ba3 31. b4 Kf7 32. Rd2 Ke6 33. Ra2
Bc1 34. Rd1 Bg5 35. h4 1-0

[Event "East Lansing (MOR/5/7)"]
[Site "?"]
[Date "1995.??.??"]
[Round "?"]
[White "Herron, J."]
[Black "James, Larry"]
[Result "1-0"]
[WhiteElo "1750"]
[BlackElo "1615"]
[PlyCount "83"]
[EventDate "1995.??.??"]

{5/(7)} 1. Nf3 Nf6 2. g3 d5 3. Bg2 c6 4. O-O g6 5. d3 Bg7 6. Nbd2 Bf5 7. Nh4 e6
8. e4 g5 9. Nxf5 exf5 10. exf5 Ng8 11. Re1+ Ne7 12. Qh5 h6 13. Nf3 Qd6 14. Qg4
Rh7 15. h4 f6 16. Re6 h5 17. Qa4 Qd8 18. hxg5 Nd7 19. Bf4 Nc5 20. Rxe7+ Qxe7
21. Qa3 Kd7 22. Re1 Qf8 23. g6 Rh8 24. c4 Na6 25. Qb3 Qb4 26. Qc2 Nc7 27. Bxc7
Kxc7 28. cxd5 Bh6 29. dxc6 bxc6 30. Re6 c5 31. a3 Qa5 32. b4 Qxa3 33. Qxc5+ Kb8
34. Qd6+ Kc8 35. Nd4 Qc1+ 36. Kh2 Qc7 37. Qxc7+ Kxc7 38. Bxa8 Rxa8 39. Rxf6 Kd7
40. Rf7+ Kd6 41. Nb5+ Ke5 42. f4+ 1-0

[Event "East Lansing (MOR/7/7)"]
[Site "?"]
[Date "1995.??.??"]
[Round "?"]
[White "Herron, J."]
[Black "Barta, Roger"]
[Result "1/2-1/2"]
[WhiteElo "1750"]
[BlackElo "1675"]
[PlyCount "62"]
[EventDate "1995.??.??"]

{7/(7)} 1. Nf3 d5 2. g3 Nf6 3. Bg2 e6 4. O-O c5 5. d3 Nc6 6. Nbd2 Bd6 7. e4 O-O
8. Qe2 dxe4 9. dxe4 e5 10. c3 h6 11. Rd1 Be6 12. Nc4 Bxc4 13. Qxc4 Qc7 14. Nh4
Ne7 15. Be3 Rad8 16. Rd3 b6 17. Rad1 Qb8 18. Qa4 Ng4 19. Bc1 Bc7 20. Bh3 b5 21.
Qc2 Nf6 22. Be3 Rxd3 23. Rxd3 c4 24. Rd1 Bb6 25. Bxb6 Qxb6 26. Bg2 Rd8 27. h3
Rd6 28. Kf1 Qd8 29. Ke2 g5 30. Nf5 Nxf5 31. exf5 Kf8 1/2-1/2

[Event "Detroit (MI Action/4/4)"]
[Site "?"]
[Date "1995.??.??"]
[Round "?"]
[White "Herron, J."]
[Black "Aldrich, Justin"]
[Result "1-0"]
[WhiteElo "1750"]
[BlackElo "1605"]
[PlyCount "39"]
[EventDate "1995.??.??"]

{4/(4)} 1. Nf3 d6 2. g3 e5 3. d3 Nf6 4. Bg2 Nc6 5. O-O Bg4 6. h3 Bd7 7. c4 Be7
8. Nc3 h6 9. e3 Qc8 10. Kh2 g6 11. Ng1 h5 12. d4 Ng4+ 13. Kh1 exd4 14. exd4 f6
15. Qe2 Nxd4 16. Qe4 Nc6 17. Bd2 Bf5 18. Qe2 Nd4 19. Qd1 Bd3 20. Be3 1-0

[Event "Detroit (MI Team/2/4/4)"]
[Site "?"]
[Date "1995.??.??"]
[Round "?"]
[White "Herron, D."]
[Black "McFolley, John"]
[Result "0-1"]
[WhiteElo "1605"]
[BlackElo "1605"]
[PlyCount "66"]
[EventDate "1995.??.??"]

{2/4} 1. e4 e5 2. Bc4 d6 3. Nf3 c6 4. d3 Nd7 5. Ng5 Nh6 6. Nc3 Be7 7. Nf3 Ng8
8. O-O Ngf6 9. Ng5 O-O 10. Bd2 b5 11. Bb3 h6 12. Nf3 a5 13. a3 Ba6 14. Ne2 Qc7
15. Nh4 a4 16. Ba2 Nc5 17. Bb4 Nfxe4 18. dxe4 Bxh4 19. Bxc5 dxc5 20. b3 Rad8
21. Qc1 Bg5 22. Qb2 b4 23. axb4 axb3 24. cxb3 Rd2 25. Qc3 Rxe2 26. Bb1 cxb4 27.
Qxb4 Bb5 28. Qc5 Qd8 29. Qxe5 Rxf2 30. Kxf2 Qd2+ 31. Kg1 Be3+ 32. Kh1 Bxf1 33.
Ra2 Bxg2# 0-1

[Event "East Lansing (Beg/4/8)"]
[Site "?"]
[Date "1995.??.??"]
[Round "?"]
[White "Herron, D."]
[Black "Jacobs, Ron"]
[Result "0-1"]
[WhiteElo "1605"]
[BlackElo "1605"]
[PlyCount "72"]
[EventDate "1995.??.??"]

{4/(8)} 1. e4 c5 2. Bb5 Nf6 3. d3 g6 4. Nf3 a6 5. Bc4 Bg7 6. O-O O-O 7. Nc3 d6
8. Nd5 b5 9. Nxf6+ Bxf6 10. Bd5 Ra7 11. Bg5 Bxg5 12. Nxg5 e6 13. Nxf7 Rfxf7 14.
Bb3 Qf6 15. Rb1 Rac7 16. c4 b4 17. a3 a5 18. axb4 axb4 19. Ba4 Bd7 20. Bxd7
Rcxd7 21. Ra1 Nc6 22. Ra8+ Kg7 23. b3 Nd4 24. Qd2 Nxb3 25. Qe3 e5 26. Rb1 Nd4
27. Rb8 Rb7 28. Rc8 b3 29. Qd2 Ra7 30. h3 Ra2 31. Qe1 Rxf2 32. Rb8 Nf3+ 33.
Kxf2 Nxe1+ 34. Kxe1 Qf1+ 35. Kd2 Qf2+ 36. Kc3 Qc2# 0-1

[Event "East Lansing (Beg/3/9)"]
[Site "?"]
[Date "1995.??.??"]
[Round "?"]
[White "Herron, D."]
[Black "Bentley, S."]
[Result "1-0"]
[WhiteElo "1605"]
[BlackElo "1605"]
[PlyCount "79"]
[EventDate "1995.??.??"]

{3/(9)} 1. e4 e5 2. Nf3 d6 3. Be2 g6 4. O-O Bg7 5. c3 Nf6 6. d3 O-O 7. Nbd2 Bg4
8. d4 Nc6 9. dxe5 dxe5 10. Nc4 Nxe4 11. Ncxe5 Nxe5 12. Nxe5 Bxe5 13. Bxg4 Qh4
14. g3 f5 15. gxh4 fxg4 16. Qxg4 Nf6 17. Qe6+ Kh8 18. Qxe5 Rae8 19. Qxc7 g5 20.
hxg5 Rg8 21. Qxb7 Rg7 22. Qc6 Rf8 23. Be3 Ng4 24. f3 Nxe3 25. Rfe1 Rxg5+ 26.
Kf2 Ng4+ 27. Ke2 Re5+ 28. Kd2 Rd8+ 29. Kc2 Ne3+ 30. Rxe3 Rxe3 31. Qf6+ Kg8 32.
Qxd8+ Kf7 33. Qc7+ Kg6 34. Qxa7 Re2+ 35. Kd3 Rxh2 36. Qb6+ Kf5 37. Qc5+ Kf4 38.
Qe3+ Kg3 39. Rg1+ Kh3 40. Qh6# 1-0

[Event "East Lansing (Beg/1/12)"]
[Site "?"]
[Date "1995.??.??"]
[Round "?"]
[White "Herron, D."]
[Black "Belill, V."]
[Result "1-0"]
[WhiteElo "1605"]
[BlackElo "1605"]
[PlyCount "87"]
[EventDate "1995.??.??"]

{1/(12)} 1. e4 e5 2. Nf3 Nc6 3. c3 Nf6 4. Bb5 a6 5. Bxc6 dxc6 6. d3 Be7 7. O-O
O-O 8. Nxe5 Bd6 9. Bf4 Nd7 10. Nxd7 Bxd7 11. Bxd6 cxd6 12. Nd2 Re8 13. Nc4 b5
14. Nxd6 Re6 15. Nb7 Qb6 16. Nd6 Rxd6 17. e5 Re6 18. Rc1 Rae8 19. d4 a5 20. d5
cxd5 21. Qxd5 Bc6 22. Qd4 Rd8 23. Qxb6 Rd7 24. Qb8+ Rd8 25. Qxd8+ Re8 26. Qc7
Re6 27. Rcd1 g6 28. Rd8+ Kg7 29. Rd6 Rxd6 30. exd6 Bd5 31. d7 Be6 32. d8=Q a4
33. Qe5+ f6 34. Qexf6+ Kh6 35. Qdf8+ Kh5 36. Qe5+ g5 37. h3 h6 38. g4+ Bxg4 39.
hxg4+ Kxg4 40. Qef5+ Kh5 41. Q8f7+ Kh4 42. Qe4+ g4 43. Qf6+ Kh5 44. Qef5# 1-0

[Event "Eastpointe (MCO/1/39)"]
[Site "?"]
[Date "1995.??.??"]
[Round "?"]
[White "Heritier, R."]
[Black "Young, L."]
[Result "1-0"]
[WhiteElo "1695"]
[BlackElo "1605"]
[PlyCount "89"]
[EventDate "1995.??.??"]

{1/(39)} 1. c4 c6 2. Nc3 d5 3. cxd5 cxd5 4. d4 e6 5. Nf3 Nd7 6. e4 Ngf6 7. e5
Ne4 8. Qc2 f5 9. exf6 Ndxf6 10. Bd3 Nxc3 11. bxc3 Qc7 12. O-O Be7 13. Re1 O-O
14. h3 Bd6 15. Ng5 g6 16. Bd2 Re8 17. Nf3 e5 18. dxe5 Bxe5 19. Nxe5 Rxe5 20.
Re3 Ne4 21. Rae1 Bf5 22. g4 Rf8 23. R1e2 Be6 24. Bxe4 dxe4 25. Rxe4 Bc4 26.
Rxe5 Bxe2 27. Rxe2 Qc5 28. Be3 Qb5 29. Qb3+ Qxb3 30. axb3 Rf3 31. Kg2 Rf6 32.
Bd4 Rd6 33. Bxa7 Ra6 34. Bd4 Ra3 35. b4 Ra6 36. Re7 Rc6 37. Rxb7 Re6 38. Ra7
Re2 39. Ra3 Rc2 40. Rb3 Ra2 41. b5 Kf7 42. c4 Ke6 43. b6 Ra8 44. b7 Rb8 45. Ba7
1-0

[Event "East Lansing (MI Op/4/33)"]
[Site "?"]
[Date "1995.??.??"]
[Round "?"]
[White "Henderson, H."]
[Black "Ward, Tim"]
[Result "1-0"]
[WhiteElo "1835"]
[BlackElo "1830"]
[PlyCount "73"]
[EventDate "1995.??.??"]

{4/(33)} 1. d4 e6 2. c4 f5 3. g3 Nf6 4. Bg2 d5 5. cxd5 exd5 6. Nc3 c6 7. Nf3
Be7 8. O-O O-O 9. Ne5 Nbd7 10. f4 Ne4 11. Nxe4 fxe4 12. e3 Nf6 13. Bd2 c5 14.
dxc5 Bxc5 15. b4 Bb6 16. Qb3 Kh8 17. Rfe1 Qe8 18. Bc3 Qh5 19. Qb2 Be6 20. Rac1
Rac8 21. Bf1 Ng4 22. Nxg4 Qxg4 23. Bg2 Rc4 24. a4 Rfc8 25. a5 Bxe3+ 26. Rxe3 d4
27. Rxe4 Rxc3 28. Ree1 b6 29. Rxc3 dxc3 30. Qc2 bxa5 31. bxa5 Qf5 32. Qxf5 Bxf5
33. Rc1 c2 34. g4 Rd8 35. Bf3 Be4 36. Kf2 Rd1 37. Bxd1 1-0

[Event "East Lansing (MI Op/2/28)"]
[Site "?"]
[Date "1995.??.??"]
[Round "?"]
[White "Henderson, H."]
[Black "Skidmore, Jennifer"]
[Result "0-1"]
[WhiteElo "1835"]
[BlackElo "1940"]
[PlyCount "124"]
[EventDate "1995.??.??"]

{2/(28)} 1. d4 d5 2. c4 e6 3. Nc3 c6 4. e4 Bb4 5. e5 Ne7 6. f4 Nd7 7. Nf3 Nb6
8. c5 Nd7 9. Bd3 b6 10. cxb6 axb6 11. O-O O-O 12. Qc2 g6 13. Be3 c5 14. a3 Bxc3
15. bxc3 c4 16. Be2 Nf5 17. Bf2 Qe7 18. a4 Nb8 19. Qb1 Qc7 20. g4 Ng7 21. Bh4
Nc6 22. Bf6 Ne8 23. g5 Na5 24. Bd1 Ng7 25. Nh4 Ba6 26. Rf2 Bc8 27. Bc2 Nf5 28.
Nxf5 exf5 29. Qf1 Nc6 30. Rf3 Nd8 31. Rh3 Qc6 32. Qf2 h5 33. gxh6 Kh7 34. Qh4
Nb7 35. Bg7 Re8 36. Bf6 b5 37. Be7 Bd7 38. Re3 Qe6 39. Bf6 bxa4 40. Ra3 Qb6 41.
Be7 Ra6 42. e6 Bxe6 43. Rxa4 Rxa4 44. Bxa4 Rg8 45. Bb4 Qd8 46. Be7 Qa5 47. Bd1
Qa1 48. Qe1 Re8 49. Bf6 Nd6 50. Kg2 Ne4 51. Bg7 Ra8 52. h4 Ra2+ 53. Re2 Rxe2+
54. Qxe2 Nxc3 55. Qe5 Qxd1 56. Qb8 Qg4+ 57. Kh2 Qxh4+ 58. Kg2 Qg4+ 59. Kh2 Qe2+
60. Kh3 g5 61. Be5 g4+ 62. Kg3 Ne4+ 0-1

[Event "East Lansing (MI Op/6/25)"]
[Site "?"]
[Date "1995.??.??"]
[Round "?"]
[White "Henderson, H."]
[Black "Robbins, Fred"]
[Result "1/2-1/2"]
[WhiteElo "1830"]
[BlackElo "1990"]
[PlyCount "159"]
[EventDate "1995.??.??"]

{6/(25)} 1. d4 c5 2. d5 Nf6 3. c4 Ne4 4. Qc2 Qa5+ 5. Nd2 Nd6 6. Ngf3 g6 7. b3
Bg7 8. Bb2 O-O 9. Bxg7 Kxg7 10. e4 Na6 11. Bd3 b5 12. O-O bxc4 13. bxc4 Qc7 14.
Qc3+ f6 15. e5 Nf7 16. exf6+ exf6 17. Rfe1 d6 18. a3 Ne5 19. Nxe5 fxe5 20. Ne4
h6 21. Qc2 Bf5 22. Re3 Qe7 23. Ng3 Bxd3 24. Qxd3 Rf6 25. Ne4 Rf5 26. Rb1 Rb8
27. Rxb8 Nxb8 28. Qb1 Rf8 29. Rb3 Nd7 30. Rb7 Ra8 31. Qb5 Rd8 32. Rxa7 Kf8 33.
Rb7 h5 34. a4 Qh4 35. Nxd6 Qd4 36. Qb1 Ke7 37. Nb5 Qxc4 38. d6+ Kf6 39. Qd1 e4
40. Qa1+ Ke6 41. Qd1 Qd3 42. Qxd3 exd3 43. Kf1 Kd5 44. Ke1 c4 45. Nc3+ Kxd6 46.
Rb5 Re8+ 47. Kd2 Re5 48. Rxe5 Nxe5 49. h3 Kc5 50. a5 Nc6 51. a6 Kb6 52. a7 Nxa7
53. Na4+ Kb5 54. Nc3+ Kc5 55. Ne4+ Kd4 56. Nc3 Kc5 57. Ne4+ Kb4 58. Nc3 Kc5 59.
Ne4+ Kb4 60. Nc3 Nb5 61. Na2+ Ka3 62. Nc1 Kb4 63. Nxd3+ cxd3 64. Kxd3 Kc5 65.
Ke4 Kd6 66. Kf4 Ke6 67. Kg5 Kf7 68. g4 hxg4 69. hxg4 Nd4 70. Kf4 Ne6+ 71. Ke5
Nc5 72. f4 Nd7+ 73. Ke4 Kf6 74. Kd5 Nb6+ 75. Ke4 Nc4 76. Kd4 Nd6 77. Ke3 Ke6
78. Kd4 Kf6 79. Ke3 Ke6 80. Kd4 1/2-1/2

[Event "East Lansing (MOR/6/39)"]
[Site "?"]
[Date "1995.??.??"]
[Round "?"]
[White "Helzer, J."]
[Black "Paul, Dennis"]
[Result "1-0"]
[WhiteElo "1605"]
[BlackElo "1605"]
[PlyCount "51"]
[EventDate "1995.??.??"]

{6/(39)} 1. d4 Nf6 2. e3 g6 3. Bd3 d5 4. Nd2 Bg7 5. f4 O-O 6. Ngf3 Ng4 7. Qe2
h5 8. h3 Nh6 9. b3 Nc6 10. Ba3 Bf5 11. O-O-O Bxd3 12. Qxd3 a5 13. g4 hxg4 14.
Nh4 gxh3 15. Rxh3 Ng4 16. Qe2 Nf6 17. f5 Nb4 18. Kb2 g5 19. Rg1 Bh6 20. Nhf3
Kg7 21. Nxg5 Rh8 22. Ne6+ Kh7 23. Rxh6+ Kxh6 24. Qh2+ Nh5 25. Nf4 Rg8 26. Qxh5#
1-0

[Event "East Lansing (MOR/1b/10)"]
[Site "?"]
[Date "1995.??.??"]
[Round "?"]
[White "Helzer, J."]
[Black "Brown, Ralph"]
[Result "1/2-1/2"]
[WhiteElo "1605"]
[BlackElo "1650"]
[PlyCount "96"]
[EventDate "1995.??.??"]

1. d4 d5 2. e3 Nf6 3. Bd3 Nc6 4. f4 g6 5. c3 Ne4 6. Nd2 Bf5 7. g4 e6 8. Ngf3
Nxd2 9. gxf5 Nxf3+ 10. Qxf3 exf5 11. Bd2 Qh4+ 12. Kd1 Qg4 13. Qxg4 fxg4 14. f5
Ne7 15. f6 Ng8 16. Rf1 Bd6 17. Rf2 O-O-O 18. Kc2 Re8 19. Be2 g3 20. hxg3 Bxg3
21. Rg2 Bh4 22. Rf1 h5 23. c4 Nxf6 24. cxd5 Nxd5 25. Kd3 Nf6 26. Rf4 Ng4 27.
Bxg4+ hxg4 28. Rgxg4 g5 29. Rxf7 Ref8 30. Rxf8+ Rxf8 31. e4 Rf3+ 32. Kc4 Rg3
33. Rxg3 Bxg3 34. Bxg5 Kd7 35. a4 a6 36. d5 Be5 37. b4 c6 38. Kc5 cxd5 39. Kxd5
Bc3 40. Kc4 Be5 41. b5 axb5+ 42. axb5 Kd6 43. Be3 Bg3 44. Bd4 Be1 45. e5+ Ke6
46. Kc5 Ba5 47. Bb2 Bc7 48. Bc3 Bd8 1/2-1/2

[Event "East Lansing (MOR/3/39)"]
[Site "?"]
[Date "1995.??.??"]
[Round "?"]
[White "Helzer, J."]
[Black "Alliston, Richard"]
[Result "0-1"]
[WhiteElo "1605"]
[BlackElo "1605"]
[PlyCount "68"]
[EventDate "1995.??.??"]

{3/(39)} 1. d4 d5 2. e3 Nf6 3. Bd3 e6 4. Nd2 Nbd7 5. f4 Be7 6. Ngf3 a6 7. Ne5
Nxe5 8. fxe5 Nd7 9. O-O g6 10. Qg4 c5 11. c3 f5 12. exf6 Nxf6 13. Qg3 Nh5 14.
Bxg6+ hxg6 15. Qxg6+ Kd7 16. dxc5 Bxc5 17. Rf7+ Kc6 18. Nb3 Bb6 19. c4 dxc4 20.
Qe4+ Qd5 21. Nd4+ Bxd4 22. Qxd4 Qxd4 23. exd4 Bd7 24. Bd2 Raf8 25. Raf1 Rxf7
26. Rxf7 Rg8 27. Rf3 Kd5 28. Bc3 Bc6 29. h3 Ng3 30. Kf2 Nf5 31. Rf4 Nd6 32. Kf3
Nb5 33. Bb4 Nxd4+ 34. Ke3 Nc2+ 0-1